[Event "M.Chigorin Memorial -2016 "]
[Site "Ð¡Ð°Ð½ÐºÑ‚-ÐŸÐµÑ‚ÐµÑ€Ð±ÑƒÑ€Ð³"]
[Date "2016.10.15"]
[Round "1.61"]
[White "Lobanov, Sergei"]
[Black "Tukaeva, Adelya"]
[Result "1-0"]
[WhiteElo "2432"]
[BlackElo "2025"]
[PlyCount "75"]
[EventDate "2016.10.15"]

1. Nf3 Nf6 2. g3 d5 3. Bg2 c6 4. O-O Bg4 5. Ne5 Bf5 6. c4 e6 7. d4 Bd6 8. Nc3
O-O 9. Bg5 h6 10. Bxf6 Qxf6 11. f4 Qe7 12. e4 dxe4 13. Bxe4 c5 14. Bxf5 cxd4
15. Nb5 Bxe5 16. fxe5 exf5 17. Rxf5 Nc6 18. Qe2 g6 19. Rf4 Qxe5 20. Nxd4 Rad8
21. Qxe5 Nxe5 22. Nb5 Nd3 23. Re4 Nxb2 24. Nxa7 Rfe8 25. Rxe8+ Rxe8 26. c5 Ra8
27. Rb1 Nd3 28. Rxb7 Nxc5 29. Rc7 Ne6 30. Rc8+ Rxc8 31. Nxc8 Kf8 32. Kf2 Ke8
33. Nd6+ Ke7 34. Nc4 h5 35. Ke3 Ng5 36. a4 Ne6 37. a5 Kd8 38. Ne5 1-0

[Event "M.Chigorin Memorial -2016 "]
[Site "Ð¡Ð°Ð½ÐºÑ‚-ÐŸÐµÑ‚ÐµÑ€Ð±ÑƒÑ€Ð³"]
[Date "2016.10.15"]
[Round "1.62"]
[White "Ungurs, Kazimirs"]
[Black "Usmanov, Vasily"]
[Result "0-1"]
[WhiteElo "2024"]
[BlackElo "2431"]
[PlyCount "70"]
[EventDate "2016.10.15"]

1. d4 Nf6 2. c4 e6 3. Nf3 Bb4+ 4. Bd2 Qe7 5. Nc3 O-O 6. g3 c5 7. Bg2 cxd4 8.
Nxd4 Nc6 9. Nc2 Bc5 10. O-O d6 11. a3 Ne5 12. b4 Bb6 13. Ne3 Bxe3 14. Bxe3 Nxc4
15. Bg5 h6 16. Bf4 e5 17. Bc1 Be6 18. e4 Rac8 19. f4 Nb6 20. fxe5 dxe5 21. Qe1
Rfd8 22. Nd1 Nc4 23. Kh1 Rd4 24. Nc3 Rd3 25. Nd1 Rcd8 26. Nf2 R3d4 27. Be3 Nxe3
28. Qxe3 Ng4 29. Nxg4 Bxg4 30. Rac1 b6 31. Rc3 Rd1 32. Kg1 Qe6 33. Bf3 Rxf1+
34. Kxf1 Bxf3 35. Qxf3 Qh3+ 0-1

[Event "M.Chigorin Memorial -2016 "]
[Site "Ð¡Ð°Ð½ÐºÑ‚-ÐŸÐµÑ‚ÐµÑ€Ð±ÑƒÑ€Ð³"]
[Date "2016.10.15"]
[Round "1.63"]
[White "Gusain, Himal"]
[Black "Pryalukhin, Danila"]
[Result "1-0"]
[WhiteElo "2428"]
[BlackElo "2019"]
[PlyCount "159"]
[EventDate "2016.10.15"]

1. e4 d5 2. exd5 Qxd5 3. Nc3 Qd6 4. d4 Nf6 5. Nf3 Bg4 6. h3 Bh5 7. g4 Bg6 8.
Ne5 Nbd7 9. Bf4 Nxe5 10. dxe5 Qb4 11. Bd2 Ne4 12. Bg2 Nxd2 13. Qxd2 Rd8 14. Qe3
e6 15. O-O Bc5 16. Qe2 O-O 17. a3 Qxb2 18. Na4 Qd4 19. Nxc5 Qxc5 20. Bxb7 Qc3
21. Qe3 Qxc2 22. Qxa7 Qc3 23. Bg2 Qxe5 24. Rfe1 Qf4 25. Qe3 Qa4 26. Qc5 Rd3 27.
Qc6 Qa5 28. a4 Rc3 29. Qd7 c5 30. Re5 Qb4 31. Qb5 Qd4 32. Rae1 Rc2 33. R5e3 Rb2
34. Qa5 Ra2 35. Bc6 f5 36. g5 Rxf2 37. Qc3 Qf4 38. Rg3 Ra2 39. Qe3 Qc7 40. Rg2
Rxg2+ 41. Bxg2 f4 42. Qxe6+ Kh8 43. Bf3 Qd8 44. Qd5 Qa5 45. Re2 Qc3 46. h4 c4
47. h5 Bd3 48. Qe5 Qxe5 49. Rxe5 Rc8 50. Bb7 Rb8 51. Rc5 Kg8 52. Bd5+ Kf8 53.
Rc7 Rd8 54. Bxc4 Bxc4 55. Rxc4 Rd5 56. Rxf4+ Ke7 57. Rg4 Ke6 58. Kf2 Kf5 59.
Rb4 Rd3 60. h6 gxh6 61. gxh6 Ra3 62. Rb5+ Kg6 63. Rb6+ Kg5 64. Ra6 Kf4 65. Ke2
Ke4 66. Kd2 Kd4 67. Kc2 Rh3 68. Rc6 Kd5 69. Rf6 Kc5 70. a5 Ra3 71. Rf5+ Kb4 72.
Rf7 Rxa5 73. Rxh7 Ra8 74. Rc7 Rh8 75. h7 Kb5 76. Kd3 Kb6 77. Rf7 Kc6 78. Ke4
Kd6 79. Kf5 Kd5 80. Rg7 1-0

[Event "M.Chigorin Memorial -2016 "]
[Site "Ð¡Ð°Ð½ÐºÑ‚-ÐŸÐµÑ‚ÐµÑ€Ð±ÑƒÑ€Ð³"]
[Date "2016.10.15"]
[Round "1.64"]
[White "Hong, Xing"]
[Black "Sarana, Alexey"]
[Result "0-1"]
[WhiteElo "2013"]
[BlackElo "2427"]
[PlyCount "98"]
[EventDate "2016.10.15"]

1. e4 d6 2. d4 Nf6 3. Nc3 e5 4. Nf3 Nbd7 5. Bc4 Be7 6. O-O O-O 7. Re1 a6 8. a4
b6 9. h3 Bb7 10. Bb3 c6 11. Be3 Qc7 12. Qe2 b5 13. a5 c5 14. dxc5 dxc5 15. Nd5
Nxd5 16. Bxd5 Bxd5 17. exd5 e4 18. Bg5 Bxg5 19. Nxg5 Rae8 20. Qd2 Nf6 21. h4
Qe5 22. d6 h6 23. Nh3 Re6 24. Rad1 Rd8 25. Qe3 Rexd6 26. Rxd6 Rxd6 27. f3 Qxb2
28. Qxc5 Qd4+ 29. Qxd4 Rxd4 30. fxe4 Nxe4 31. Nf4 Nd6 32. g3 Ra4 33. Rd1 Nf5
34. Rd8+ Kh7 35. Rd7 Nxg3 36. Nd5 Rxa5 37. Rxf7 Ra2 38. Kg2 Kg6 39. Rf8 Nh5 40.
Ne7+ Kh7 41. Rc8 Ra4 42. Kh3 Re4 43. Nf5 Rf4 44. Ne7 Rf7 45. Nc6 Rf3+ 46. Kg4
Rf4+ 47. Kh3 Rc4 48. c3 Rxc3+ 49. Kg4 g6 0-1

[Event "M.Chigorin Memorial -2016 "]
[Site "Ð¡Ð°Ð½ÐºÑ‚-ÐŸÐµÑ‚ÐµÑ€Ð±ÑƒÑ€Ð³"]
[Date "2016.10.15"]
[Round "1.65"]
[White "Vlasenko, Miroslav"]
[Black "Sapegin, Yaroslav"]
[Result "1/2-1/2"]
[WhiteElo "2422"]
[BlackElo "2013"]
[PlyCount "109"]
[EventDate "2016.10.15"]

1. d4 d5 2. c4 Nc6 3. Nf3 Bg4 4. cxd5 Bxf3 5. gxf3 Qxd5 6. e3 e5 7. Nc3 Bb4 8.
Bd2 Bxc3 9. bxc3 Nf6 10. c4 Qd6 11. d5 Ne7 12. Rb1 b6 13. Bb4 c5 14. dxc6 Qxc6
15. Qd6 Qxd6 16. Bxd6 Nd7 17. Bh3 f6 18. O-O g6 19. Rfd1 Nf5 20. c5 Nxd6 21.
Bxd7+ Kxd7 22. Rxd6+ Ke7 23. Rc6 Rhc8 24. Rxc8 Rxc8 25. cxb6 axb6 26. Rxb6 Ra8
27. Rb2 Ra4 28. Kg2 f5 29. Kg3 Kf6 30. Rb6+ Kf7 31. Rb7+ Kf6 32. Rb2 Ke6 33.
Re2 Kf6 34. e4 Ra3 35. exf5 Kxf5 36. Kg2 h5 37. Rb2 Kf4 38. Re2 Kf5 39. h3 Kf6
40. Kg3 Kf5 41. h4 Ra4 42. Rb2 Ra3 43. Kg2 Ra4 44. Kh3 Ra3 45. Kg2 Ra4 46. Kg3
Ra3 47. Rb5 Kf6 48. Rb6+ Kf5 49. Rb8 Rxa2 50. Rf8+ Ke6 51. f4 Ke7 52. Rg8 exf4+
53. Kf3 Kf7 54. Rb8 Ra4 55. Rb6 1/2-1/2

[Event "M.Chigorin Memorial -2016 "]
[Site "Ð¡Ð°Ð½ÐºÑ‚-ÐŸÐµÑ‚ÐµÑ€Ð±ÑƒÑ€Ð³"]
[Date "2016.10.15"]
[Round "1.66"]
[White "Sergeeva, Natalia"]
[Black "Yanchenko, Roman"]
[Result "0-1"]
[WhiteElo "2013"]
[BlackElo "2419"]
[PlyCount "98"]
[EventDate "2016.10.15"]

1. e4 d5 2. exd5 Qxd5 3. d4 c6 4. Nf3 Nf6 5. c4 Qa5+ 6. Bd2 Qd8 7. Be2 Bg4 8.
Be3 e6 9. O-O Bd6 10. h3 Bxf3 11. Bxf3 O-O 12. Nc3 Nbd7 13. Qc2 Qc7 14. Rac1
Bh2+ 15. Kh1 Bf4 16. Qd2 Bxe3 17. Qxe3 Rad8 18. d5 exd5 19. cxd5 c5 20. Na4
Rfe8 21. Qc3 b6 22. b4 Qf4 23. Rb1 Ne5 24. Rfe1 Nxf3 25. Rxe8+ Nxe8 26. Qxf3
Qxf3 27. gxf3 cxb4 28. Rxb4 Rxd5 29. Kg2 Kf8 30. Nc3 Rg5+ 31. Kf1 Rc5 32. Nb5
a6 33. Nd4 b5 34. a4 Nd6 35. Ke2 a5 36. Rb1 bxa4 37. Ra1 Rc4 38. Kd3 Rb4 39.
Rc1 a3 40. Ra1 g6 41. Kc3 Kg7 42. Nc2 Rf4 43. Ne1 Nb5+ 44. Kd2 Rh4 45. Rb1 Nd4
46. Ke3 Nf5+ 47. Kd3 Rxh3 48. Ra1 Rh1 49. Kd2 Nd4 0-1

[Event "M.Chigorin Memorial -2016 "]
[Site "Ð¡Ð°Ð½ÐºÑ‚-ÐŸÐµÑ‚ÐµÑ€Ð±ÑƒÑ€Ð³"]
[Date "2016.10.15"]
[Round "1.67"]
[White "Nguyen, Piotr"]
[Black "Kolesnikova, Kristina"]
[Result "1-0"]
[WhiteElo "2418"]
[BlackElo "2012"]
[PlyCount "115"]
[EventDate "2016.10.15"]

1. c4 Nf6 2. g3 g6 3. Bg2 Bg7 4. Nc3 O-O 5. e4 d6 6. Nge2 c5 7. O-O Nc6 8. d3
Bg4 9. f3 Bd7 10. Be3 a6 11. h3 Ne8 12. f4 b5 13. Qd2 Rb8 14. Rae1 Nd4 15. b3
f5 16. e5 b4 17. Nd1 dxe5 18. fxe5 Bxe5 19. Nxd4 cxd4 20. Bf4 Bf6 21. Bxb8 Qxb8
22. Qf4 Qc8 23. Nb2 Ng7 24. Na4 Nh5 25. Qf3 Qc7 26. g4 Ng3 27. Qf4 Qxf4 28.
Rxf4 e5 29. Rf3 e4 30. dxe4 fxe4 31. Rxg3 Be5 32. Bxe4 Bxg3 33. Bd5+ Kh8 34.
Rf1 Rxf1+ 35. Kxf1 Bxa4 36. bxa4 d3 37. c5 Kg7 38. Bc4 d2 39. Ke2 Bf4 40. Bxa6
Kf6 41. a5 Bc7 42. Kxd2 Ke5 43. Bb7 Bxa5 44. Kd3 Bd8 45. Kc4 Be7 46. Bf3 Kf4
47. Bd1 Ke4 48. Kb5 Ke5 49. Bc2 Ke6 50. Kc6 Ke5 51. Kb6 Bd8+ 52. Kb7 Kd5 53. c6
Kd6 54. g5 Ba5 55. Bb3 Ke5 56. Bg8 Kf5 57. Bxh7 Kxg5 58. c7 1-0

[Event "M.Chigorin Memorial -2016 "]
[Site "Ð¡Ð°Ð½ÐºÑ‚-ÐŸÐµÑ‚ÐµÑ€Ð±ÑƒÑ€Ð³"]
[Date "2016.10.15"]
[Round "1.68"]
[White "Zavgorodniaya, Alena"]
[Black "Sadovsky, Artem"]
[Result "0-1"]
[WhiteElo "2011"]
[BlackElo "2414"]
[PlyCount "80"]
[EventDate "2016.10.15"]

1. e4 g6 2. d4 Bg7 3. Nc3 d6 4. f4 a6 5. Nf3 b5 6. Bd3 Bg4 7. e5 d5 8. a4 b4 9.
Na2 a5 10. c3 Bxf3 11. gxf3 bxc3 12. Nxc3 e6 13. Nb5 Bf8 14. O-O c6 15. Na3 Qb6
16. Nc2 Na6 17. Be3 Nb4 18. Be2 Rb8 19. Bf2 Ne7 20. Nxb4 Qxb4 21. Be1 Qb6 22.
Bc3 Nf5 23. Qd2 Bb4 24. Kh1 Kd7 25. Rfc1 Rhc8 26. Rc2 c5 27. dxc5 Qxc5 28. Rac1
Qe3 29. Bxb4 axb4 30. Bb5+ Kd8 31. Qxe3 Nxe3 32. Rc6 Nc4 33. b3 Rxc6 34. Bxc6
Na5 35. Bb5 Rc8 36. Rxc8+ Kxc8 37. Be8 Nxb3 38. Bxf7 Nc5 39. Bg8 b3 40. Bxh7 d4
0-1

[Event "M.Chigorin Memorial -2016 "]
[Site "Ð¡Ð°Ð½ÐºÑ‚-ÐŸÐµÑ‚ÐµÑ€Ð±ÑƒÑ€Ð³"]
[Date "2016.10.15"]
[Round "1.69"]
[White "Korchmar, Vasiliy"]
[Black "Tsaruk, Maksim"]
[Result "1-0"]
[WhiteElo "2412"]
[BlackElo "2003"]
[PlyCount "63"]
[EventDate "2016.10.15"]

1. d4 Nf6 2. c4 e6 3. Nc3 d5 4. cxd5 exd5 5. Bg5 c6 6. e3 Be7 7. Bd3 Ne4 8. Bf4
f5 9. Nge2 O-O 10. Qc2 b5 11. f3 Nd6 12. O-O Na6 13. a3 Nc4 14. e4 Bg5 15. Bxc4
Bxf4 16. Bxd5+ cxd5 17. Nxf4 dxe4 18. Nxb5 Qb6 19. Qc4+ Kh8 20. fxe4 Bd7 21.
Nc3 Rac8 22. Qe2 Qxd4+ 23. Kh1 Qc4 24. Qxc4 Rxc4 25. Rad1 Nc5 26. Nfe2 h6 27.
b3 Rxc3 28. Nxc3 Be6 29. b4 Nd7 30. exf5 Rxf5 31. Rxf5 Bxf5 32. Nb5 1-0

[Event "M.Chigorin Memorial -2016 "]
[Site "Ð¡Ð°Ð½ÐºÑ‚-ÐŸÐµÑ‚ÐµÑ€Ð±ÑƒÑ€Ð³"]
[Date "2016.10.15"]
[Round "1.70"]
[White "Basyrov, Eduard"]
[Black "Duzhakov, Ilya"]
[Result "0-1"]
[WhiteElo "2001"]
[BlackElo "2411"]
[PlyCount "68"]
[EventDate "2016.10.15"]

1. c4 e5 2. Nc3 Nf6 3. Nf3 Nc6 4. d4 exd4 5. Nxd4 Bb4 6. Qd3 O-O 7. a3 Ne5 8.
Qg3 Bxc3+ 9. Qxc3 d5 10. cxd5 Qxd5 11. f3 Rd8 12. Be3 Bd7 13. Bf2 c5 14. Nc2
Ba4 15. e4 Nxf3+ 16. gxf3 Nxe4 17. fxe4 Qxe4+ 18. Ne3 Qxh1 19. Bg3 Bb5 20. Kf2
Bxf1 21. Rxf1 Qe4 22. Qxc5 Rd2+ 23. Kg1 Rxb2 24. Bf2 b6 25. Qg5 h6 26. Qf5 Re8
27. Rd1 Qxf5 28. Nxf5 Ra2 29. Bg3 Rxa3 30. Bd6 Ra2 31. Kh1 Rf2 32. Ne7+ Kh7 33.
Kg1 Re2 34. Nc6 Re1+ 0-1

[Event "M.Chigorin Memorial -2016 "]
[Site "Ð¡Ð°Ð½ÐºÑ‚-ÐŸÐµÑ‚ÐµÑ€Ð±ÑƒÑ€Ð³"]
[Date "2016.10.15"]
[Round "1.71"]
[White "Smirnov, Artem"]
[Black "Kopasov, Evgeny"]
[Result "1-0"]
[WhiteElo "2409"]
[BlackElo "1993"]
[PlyCount "61"]
[EventDate "2016.10.15"]

1. e4 c5 2. Nf3 d6 3. d4 cxd4 4. Nxd4 Nf6 5. Nc3 a6 6. h3 e5 7. Nde2 h5 8. g3
Be6 9. Bg2 Nbd7 10. a4 Be7 11. O-O Rc8 12. Be3 O-O 13. Qd2 Qc7 14. Rfc1 Rfd8
15. b3 b6 16. Bg5 Nc5 17. f4 Bxb3 18. cxb3 Nxb3 19. Qb2 Nxc1 20. Rxc1 Qb7 21.
Rb1 Rb8 22. Kh2 Rdc8 23. Bxf6 Bxf6 24. Nd5 b5 25. Nec3 b4 26. Nxf6+ gxf6 27.
Nd5 Kg7 28. Qf2 b3 29. fxe5 fxe5 30. Qf6+ Kh7 31. Qg5 1-0

[Event "M.Chigorin Memorial -2016 "]
[Site "Ð¡Ð°Ð½ÐºÑ‚-ÐŸÐµÑ‚ÐµÑ€Ð±ÑƒÑ€Ð³"]
[Date "2016.10.15"]
[Round "1.72"]
[White "Tsvetkov, Andrey"]
[Black "Drygalov, Sergey"]
[Result "0-1"]
[WhiteElo "1992"]
[BlackElo "2409"]
[PlyCount "80"]
[EventDate "2016.10.15"]

1. d4 Nf6 2. c4 e6 3. Nc3 Bb4 4. e3 c5 5. Nge2 d6 6. a3 Ba5 7. g3 O-O 8. Bg2
Nc6 9. O-O Qe7 10. Qc2 Bxc3 11. Qxc3 e5 12. d5 Nb8 13. e4 Nbd7 14. h3 a6 15.
Be3 b5 16. b4 bxc4 17. bxc5 Nxc5 18. Bxc5 dxc5 19. Qa5 Bd7 20. Rfc1 Ne8 21.
Rab1 Nd6 22. Qxc5 Rfc8 23. Qe3 Qd8 24. Kh2 Rab8 25. f4 f6 26. fxe5 fxe5 27. Qc3
Qe7 28. Qa5 Ra8 29. Rb6 Nb5 30. a4 Qd8 31. Bf1 c3 32. Ra1 Nd4 33. Nxd4 exd4 34.
Qb4 c2 35. Rc1 Qg5 36. Qe1 Rc3 37. Rb2 Bxa4 38. Ra2 Bb3 39. Rxa6 Rf8 40. Rc6
Re3 0-1

[Event "M.Chigorin Memorial -2016 "]
[Site "Ð¡Ð°Ð½ÐºÑ‚-ÐŸÐµÑ‚ÐµÑ€Ð±ÑƒÑ€Ð³"]
[Date "2016.10.15"]
[Round "1.73"]
[White "Palachev, Petr"]
[Black "Kuznetsov, Roman"]
[Result "1-0"]
[WhiteElo "2408"]
[BlackElo "1990"]
[PlyCount "31"]
[EventDate "2016.10.15"]

1. d4 Nf6 2. c4 c5 3. d5 e6 4. Nc3 exd5 5. cxd5 d6 6. Nf3 g6 7. Bf4 a6 8. a4
Bg7 9. h3 Qb6 10. Qc1 Qb4 11. Qe3+ Kd8 12. Bxd6 Nxd5 13. Qd2 Bxc3 14. bxc3 Qxc3
15. Qxc3 Nxc3 16. Be5 1-0

[Event "M.Chigorin Memorial -2016 "]
[Site "Ð¡Ð°Ð½ÐºÑ‚-ÐŸÐµÑ‚ÐµÑ€Ð±ÑƒÑ€Ð³"]
[Date "2016.10.15"]
[Round "1.74"]
[White "Pavlova, Natalia"]
[Black "Bublei, Pavel"]
[Result "0-1"]
[WhiteElo "1990"]
[BlackElo "2406"]
[PlyCount "82"]
[EventDate "2016.10.15"]

1. Nf3 Nf6 2. g3 d5 3. Bg2 c5 4. O-O Nc6 5. d4 Bf5 6. c3 e6 7. Nbd2 Rc8 8. Qa4
Nd7 9. Qb5 Bc2 10. Ne1 a6 11. Qxb7 Bd1 12. Qxa6 cxd4 13. Nb3 dxc3 14. bxc3 Nce5
15. Bf4 Rc6 16. Qb5 Rb6 17. Qa4 Bxe2 18. Bxe5 Bc4 19. Nd2 Ra6 20. Qc2 Nxe5 21.
Nxc4 Nxc4 22. Nd3 Be7 23. a4 O-O 24. Nb4 Ra8 25. Rfd1 Bf6 26. Nxd5 exd5 27.
Bxd5 Qc8 28. Qe4 Nd6 29. Qb4 Ra6 30. Rac1 Be7 31. Qb3 Qc5 32. c4 Rb6 33. Qd3
Rb2 34. Rf1 Rfb8 35. Rce1 Bf6 36. Qf3 Qd4 37. Re3 Rb1 38. Qh5 Rxf1+ 39. Kxf1 g6
40. Qe2 Rb2 41. Qf3 Nxc4 0-1

[Event "M.Chigorin Memorial -2016 "]
[Site "Ð¡Ð°Ð½ÐºÑ‚-ÐŸÐµÑ‚ÐµÑ€Ð±ÑƒÑ€Ð³"]
[Date "2016.10.15"]
[Round "1.75"]
[White "Kazakovskiy, Valeriy"]
[Black "Gordon, Evgeny"]
[Result "1-0"]
[WhiteElo "2399"]
[BlackElo "1988"]
[PlyCount "189"]
[EventDate "2016.10.15"]

1. d4 e6 2. c4 d5 3. Nf3 Be7 4. g3 Nf6 5. Bg2 O-O 6. O-O dxc4 7. Ne5 c5 8. dxc5
Qc7 9. Nxc4 Rd8 10. Nbd2 Qxc5 11. b3 Qh5 12. e4 Qxd1 13. Rxd1 Nc6 14. Bb2 b5
15. Ne3 Bb7 16. e5 Nd7 17. Kf1 Rab8 18. f4 Nb6 19. Ne4 Nb4 20. Bd4 N4d5 21.
Nxd5 Bxd5 22. Nc3 a6 23. Nxd5 Nxd5 24. Ba7 Rb7 25. Bf2 Rbd7 26. Rd3 g6 27. Rc1
Nb4 28. Rxd7 Rxd7 29. a4 bxa4 30. bxa4 Rd2 31. Rc7 Bd8 32. Rc8 Kg7 33. Be1 Rd4
34. Bxb4 Rxb4 35. Rxd8 Rxa4 36. Bc6 Rc4 37. Bf3 g5 38. fxg5 Rc5 39. Ra8 Rxe5
40. Rxa6 Rxg5 41. Kf2 Rc5 42. Be4 Rb5 43. Ra2 h6 44. h3 Rb3 45. Bf3 Kf6 46. Ra4
Rb2+ 47. Be2 Rb3 48. Rg4 Rb2 49. Ke3 Rb8 50. Bd3 Ra8 51. Rb4 Ra7 52. g4 Ra1 53.
Rb5 Ra4 54. Rh5 Kg7 55. Be4 Ra3+ 56. Kf4 Ra1 57. Rb5 Rf1+ 58. Ke5 Ra1 59. Rb3
Ra5+ 60. Kd6 Ra4 61. Bc6 Ra7 62. Rf3 Kf8 63. Rb3 Ra6 64. Rb5 Ra3 65. Rh5 Kg7
66. Ke7 Rc3 67. Be8 Rc7+ 68. Kd6 Rc3 69. Bc6 Ra3 70. Bb5 Ra7 71. g5 hxg5 72.
Rxg5+ Kf6 73. Rg3 Ra5 74. Kc5 Ra1 75. Kd4 Rb1 76. Bd3 Rb4+ 77. Ke3 Rh4 78. Be2
Rh7 79. Bg4 Ke5 80. Bd1 f5 81. Kf2 Kf6 82. Ra3 Rd7 83. Bf3 e5 84. Be2 Kg5 85.
Kg3 Rh7 86. Ra5 f4+ 87. Kg2 Kf6 88. Ra6+ Kg5 89. Re6 Rg7 90. Bg4 Ra7 91. Rxe5+
Kg6 92. Kf3 Ra4 93. h4 Kh6 94. Re6+ Kg7 95. Bf5 1-0

[Event "M.Chigorin Memorial -2016 "]
[Site "Ð¡Ð°Ð½ÐºÑ‚-ÐŸÐµÑ‚ÐµÑ€Ð±ÑƒÑ€Ð³"]
[Date "2016.10.15"]
[Round "1.76"]
[White "Lingur, Zalina"]
[Black "Arslanov, Shamil"]
[Result "0-1"]
[WhiteElo "1986"]
[BlackElo "2398"]
[PlyCount "88"]
[EventDate "2016.10.15"]

1. e4 c5 2. Nf3 d6 3. d4 cxd4 4. Nxd4 Nf6 5. Nc3 Nc6 6. Bg5 e6 7. Qd2 a6 8.
O-O-O Bd7 9. f4 b5 10. Bxf6 gxf6 11. f5 Nxd4 12. Qxd4 Bh6+ 13. Kb1 Bf4 14. Qf2
Be5 15. Qf3 Qc7 16. Ne2 Rc8 17. Rc1 exf5 18. exf5 Qc6 19. Qd3 Rg8 20. Nd4 Qd5
21. Nf3 Qxd3 22. Bxd3 Rxg2 23. Rhg1 Rf2 24. Rcf1 Rxf1+ 25. Rxf1 Ke7 26. Nxe5
dxe5 27. Rg1 Bc6 28. Rg4 h5 29. Rg3 Rd8 30. Kc1 Rd4 31. Kd2 Rf4 32. Re3 Bd7 33.
Ke2 Bxf5 34. Bxf5 Rxf5 35. Ra3 Rg5 36. Rxa6 Rg2+ 37. Kd3 Rxh2 38. Rb6 h4 39.
Rxb5 h3 40. Rb8 Rh1 41. Rh8 h2 42. Kc3 f5 43. a4 f4 44. Rh5 f3 0-1

[Event "M.Chigorin Memorial -2016 "]
[Site "Ð¡Ð°Ð½ÐºÑ‚-ÐŸÐµÑ‚ÐµÑ€Ð±ÑƒÑ€Ð³"]
[Date "2016.10.15"]
[Round "1.77"]
[White "Khanin, Semen"]
[Black "Sheynin, Izrail"]
[Result "1-0"]
[WhiteElo "2397"]
[BlackElo "1982"]
[PlyCount "45"]
[EventDate "2016.10.15"]

1. e4 c5 2. Nf3 d6 3. Bb5+ Bd7 4. Bxd7+ Nxd7 5. O-O Ngf6 6. Re1 g6 7. c3 Bg7 8.
d4 cxd4 9. cxd4 e6 10. Nc3 O-O 11. h3 Nb6 12. Bf4 Qd7 13. Qb3 Rfd8 14. a4 Nc8
15. e5 Ne8 16. Bg5 Ne7 17. d5 Nc7 18. dxe6 Nxe6 19. Rad1 Nxg5 20. Nxg5 d5 21.
Nxf7 Rf8 22. e6 Qc6 23. Nxd5 1-0

[Event "M.Chigorin Memorial -2016 "]
[Site "Ð¡Ð°Ð½ÐºÑ‚-ÐŸÐµÑ‚ÐµÑ€Ð±ÑƒÑ€Ð³"]
[Date "2016.10.15"]
[Round "1.78"]
[White "Stepanov, Andrey"]
[Black "Abdusattorov, Nodirbek"]
[Result "0-1"]
[WhiteElo "1976"]
[BlackElo "2395"]
[PlyCount "134"]
[EventDate "2016.10.15"]

1. e4 e5 2. Nf3 Nc6 3. Bb5 a6 4. Ba4 Nf6 5. O-O Be7 6. Re1 b5 7. Bb3 d6 8. c3
O-O 9. h3 Nb8 10. d4 Nbd7 11. Nbd2 Bb7 12. Bc2 Re8 13. Nf1 Bf8 14. Ng3 g6 15.
a4 c5 16. d5 c4 17. Be3 Qc7 18. Nh2 Bg7 19. Ng4 Nc5 20. Nxf6+ Bxf6 21. Qg4 Bg7
22. Bxc5 Qxc5 23. Qd7 Rab8 24. axb5 Red8 25. Qe7 Bf8 26. Qg5 axb5 27. Nf5 Qc7
28. Ra7 Ra8 29. Rea1 Rxa7 30. Rxa7 Re8 31. Nh6+ Kg7 32. Nf5+ Kh8 33. Qf6+ Kg8
34. Qg5 Qb8 35. Ra5 Bc8 36. Nh6+ Kg7 37. Nf5+ Kh8 38. Nh6 Be7 39. Qe3 Kg7 40.
Ng4 h5 41. Nh2 Bd8 42. Ra1 Bb6 43. Qe2 Bd7 44. Nf1 Qd8 45. Nd2 Rf8 46. Kh1 Bc5
47. b3 cxb3 48. Nxb3 Qb6 49. Nxc5 Qxc5 50. Ra6 Rc8 51. Bd3 Be8 52. Kh2 Qxc3 53.
Bxb5 Bxb5 54. Qxb5 Qd2 55. Rc6 Ra8 56. Ra6 Rd8 57. f3 h4 58. Qf1 Kh6 59. Rc6
Kg5 60. Rc7 f6 61. Rc6 f5 62. exf5 gxf5 63. Rc4 Ra8 64. Kh1 Ra2 65. Kh2 Qe3 66.
Rc6 Re2 67. Qd1 Re1 0-1

[Event "M.Chigorin Memorial -2016 "]
[Site "Ð¡Ð°Ð½ÐºÑ‚-ÐŸÐµÑ‚ÐµÑ€Ð±ÑƒÑ€Ð³"]
[Date "2016.10.15"]
[Round "1.79"]
[White "Shuvalova, Polina"]
[Black "Aseeva, Anastasia"]
[Result "1-0"]
[WhiteElo "2393"]
[BlackElo "1969"]
[PlyCount "79"]
[EventDate "2016.10.15"]

1. d4 d5 2. c4 c6 3. Nf3 Nf6 4. e3 a6 5. Nc3 e6 6. Bd3 Nbd7 7. O-O Be7 8. e4
dxe4 9. Nxe4 Nxe4 10. Bxe4 Nf6 11. Bc2 O-O 12. Bg5 c5 13. Qd3 g6 14. dxc5 Nd7
15. Bxe7 Qxe7 16. Qd6 Re8 17. b4 a5 18. a3 e5 19. Rfe1 f5 20. Ba4 e4 21. Nd4
Ra6 22. Qxe7 Rxe7 23. Bb5 Rf6 24. f4 e3 25. Rad1 Re4 26. Nc2 Nf8 27. g3 Rf7 28.
Rd8 Bd7 29. Rxe3 Kg7 30. Rxe4 fxe4 31. Ne3 Bh3 32. Be8 Re7 33. Nd5 Re6 34. Bd7
Nxd7 35. Rxd7+ Kg8 36. Rxb7 e3 37. Re7 e2 38. Rxe6 Bxe6 39. Kf2 axb4 40. axb4
1-0

[Event "M.Chigorin Memorial -2016 "]
[Site "Ð¡Ð°Ð½ÐºÑ‚-ÐŸÐµÑ‚ÐµÑ€Ð±ÑƒÑ€Ð³"]
[Date "2016.10.15"]
[Round "1.80"]
[White "Schetchikov, Vladimir"]
[Black "Saveliev, Alexei"]
[Result "0-1"]
[WhiteElo "1967"]
[BlackElo "2392"]
[PlyCount "114"]
[EventDate "2016.10.15"]

1. c4 c5 2. g3 Nf6 3. Bg2 d5 4. cxd5 Nxd5 5. Nc3 Nc7 6. d3 e5 7. Nf3 Nc6 8. O-O
Be7 9. b3 O-O 10. Bb2 Be6 11. Rc1 f6 12. e3 Qd7 13. Qe2 Rad8 14. Rfd1 Bg4 15.
Ne4 Ne6 16. h3 Bh5 17. g4 Bf7 18. Ng3 Rfe8 19. Qf1 Bf8 20. Nf5 g6 21. Ng3 Bg7
22. Ne1 Nb4 23. a3 Nd5 24. Ne4 b6 25. Nc3 Ne7 26. Qe2 f5 27. gxf5 gxf5 28. b4
Ng6 29. b5 Nd4 30. exd4 exd4 31. Qc2 dxc3 32. Bxc3 Bxc3 33. Qxc3 Nf4 34. Bf1
Re6 35. Nf3 Rg6+ 36. Kh2 Nd5 37. Qb2 Re8 38. Re1 Qd6+ 39. Kh1 Rxe1 40. Rxe1 Nf4
41. Qe5 Bd5 42. Qxd6 Bxf3+ 43. Kh2 Rxd6 44. Kg3 Nxd3 45. Re7 Be4 46. f3 f4+ 47.
Kg4 Bg6 48. h4 Rd5 49. Rxa7 Bf5+ 50. Kg5 Bh3+ 51. Kf6 Rf5+ 52. Ke6 Rf7+ 53.
Bxh3 Rxa7 54. Kd6 Rxa3 55. Kc6 c4 56. Be6+ Kf8 57. Bxc4 Ne5+ 0-1

[Event "M.Chigorin Memorial -2016 "]
[Site "Ð¡Ð°Ð½ÐºÑ‚-ÐŸÐµÑ‚ÐµÑ€Ð±ÑƒÑ€Ð³"]
[Date "2016.10.15"]
[Round "1.81"]
[White "Ponfilenok, Vladimir"]
[Black "Nazarova, Anastasia"]
[Result "1-0"]
[WhiteElo "2390"]
[BlackElo "1963"]
[PlyCount "67"]
[EventDate "2016.10.15"]

1. d4 Nf6 2. Nf3 g6 3. c4 Bg7 4. g3 O-O 5. Bg2 d6 6. O-O Nbd7 7. Nc3 e5 8. e4
exd4 9. Nxd4 Re8 10. h3 a6 11. Be3 Rb8 12. b3 c5 13. Nde2 b5 14. Qxd6 b4 15.
Na4 Nxe4 16. Bxe4 Rxe4 17. Rad1 Qe8 18. Nxc5 Rxe3 19. Nxd7 Bxd7 20. fxe3 Bxh3
21. Rf2 Bg4 22. Rd5 Rc8 23. Qf4 Bxe2 24. Rxe2 Qe7 25. e4 Bc3 26. Qd6 Qa7+ 27.
Kg2 Re8 28. Qd7 Qb8 29. Rf2 Rf8 30. Qe7 Be1 31. Rf3 Qb6 32. Rd7 Qa5 33. Rxf7
Qxa2+ 34. Kh3 1-0

[Event "M.Chigorin Memorial -2016 "]
[Site "Ð¡Ð°Ð½ÐºÑ‚-ÐŸÐµÑ‚ÐµÑ€Ð±ÑƒÑ€Ð³"]
[Date "2016.10.15"]
[Round "1.82"]
[White "Grishaev, Igor"]
[Black "Urazayev, Arystanbek"]
[Result "0-1"]
[WhiteElo "1956"]
[BlackElo "2377"]
[PlyCount "104"]
[EventDate "2016.10.15"]

1. d4 Nf6 2. Nf3 e6 3. c4 b6 4. g3 Ba6 5. Qa4 Bb7 6. Bg2 c5 7. O-O cxd4 8. Rd1
Bc5 9. b4 Be7 10. Bb2 Qc7 11. Bxd4 O-O 12. Nbd2 d6 13. Rac1 Nbd7 14. a3 a6 15.
Qb3 Rac8 16. Bb2 Qb8 17. Bh3 Rfe8 18. Qe3 h6 19. Qd4 Qa8 20. Re1 Bf8 21. Qe3
Be7 22. Qd4 b5 23. Qd3 bxc4 24. Nxc4 Be4 25. Qe3 d5 26. Na5 Bd8 27. Rxc8 Qxc8
28. Rc1 Qa8 29. Nc6 Bb6 30. Qc3 Kh7 31. Nfe5 Nxe5 32. Nxe5 d4 33. Qd2 Qd5 34.
Nd3 e5 35. Nc5 Bxc5 36. Rxc5 Qb3 37. Bc8 Bg6 38. f3 a5 39. bxa5 Qb8 40. Qc1 Qa7
41. Kg2 e4 42. Bf5 exf3+ 43. Kxf3 Qb7+ 44. Kf2 Bxf5 45. Rxf5 Ng4+ 46. Ke1 Qe4
47. Rf2 Nxf2 48. Kxf2 Qxe2+ 49. Kg1 d3 50. Qc3 Qe1+ 51. Kg2 Qxc3 52. Bxc3 d2
0-1

[Event "M.Chigorin Memorial -2016 "]
[Site "Ð¡Ð°Ð½ÐºÑ‚-ÐŸÐµÑ‚ÐµÑ€Ð±ÑƒÑ€Ð³"]
[Date "2016.10.15"]
[Round "1.83"]
[White "Martynov, Pavel"]
[Black "Tskhadadze, Anna"]
[Result "1-0"]
[WhiteElo "2374"]
[BlackElo "1955"]
[PlyCount "81"]
[EventDate "2016.10.15"]

1. Nf3 d5 2. g3 e6 3. Bg2 Nf6 4. O-O Be7 5. d3 b6 6. Nc3 Bb7 7. e4 dxe4 8. Nd2
c5 9. dxe4 Nc6 10. e5 Nd7 11. Nc4 O-O 12. Bf4 Na5 13. Bxb7 Nxb7 14. Qe2 Qc7 15.
Rad1 Rad8 16. h4 Na5 17. Nd6 Nc6 18. Ncb5 Qb8 19. Qe4 Nd4 20. Nxd4 cxd4 21.
Rxd4 Nc5 22. Qe2 Rd7 23. b4 Nb7 24. Nf5 Rc7 25. Nxe7+ Rxe7 26. Rfd1 Qc8 27. h5
h6 28. Qd2 Kh7 29. Qd3+ Kh8 30. g4 Rc7 31. c4 Qe8 32. Qe3 Kh7 33. Qe4+ Kh8 34.
R1d3 a5 35. a3 axb4 36. axb4 Qa4 37. Bd2 Rfc8 38. g5 hxg5 39. h6 gxh6 40. Rh3
Kg7 41. Bxg5 1-0

[Event "M.Chigorin Memorial -2016 "]
[Site "Ð¡Ð°Ð½ÐºÑ‚-ÐŸÐµÑ‚ÐµÑ€Ð±ÑƒÑ€Ð³"]
[Date "2016.10.15"]
[Round "1.84"]
[White "Scheglov, Dmitry"]
[Black "Tologontegin, Semetey"]
[Result "0-1"]
[WhiteElo "1953"]
[BlackElo "2371"]
[PlyCount "110"]
[EventDate "2016.10.15"]

1. e4 e6 2. d4 b6 3. Bd3 Bb7 4. Nf3 Nf6 5. Qe2 d5 6. e5 Nfd7 7. O-O Be7 8. c3
O-O 9. Nbd2 c5 10. Rd1 Qc8 11. Nf1 Ba6 12. Bg5 Bxd3 13. Rxd3 Qd8 14. h4 Nc6 15.
a3 b5 16. Ne3 c4 17. Rdd1 h6 18. Bxe7 Qxe7 19. g3 a5 20. Ra2 f6 21. Ng4 fxe5
22. Nfxe5 Ncxe5 23. Nxe5 Nxe5 24. Qxe5 Rf5 25. Qe3 Raf8 26. Kg2 Rxf2+ 27. Qxf2
Rxf2+ 28. Kxf2 Qf7+ 29. Kg2 Qf5 30. Rf1 Qc2+ 31. Kg1 Qb3 32. Rfa1 h5 33. Kf2
Kh7 34. Ke3 Qc2 35. Kf3 Kg6 36. Re1 Kf6 37. Rf1 Kf5 38. Raa1 Qxb2 39. Ke3+ Kg6
40. Rfc1 Qg2 41. Rab1 Qxg3+ 42. Ke2 Qg2+ 43. Ke3 Qe4+ 44. Kd2 Qxh4 45. Rxb5
Qf2+ 46. Kd1 h4 47. Rb6 Kf5 48. Rb7 Ke4 49. Rc2 Qg1+ 50. Kd2 h3 51. Rb6 Qe3+
52. Kd1 Kd3 53. Rxe6 Qxe6 54. Rd2+ Kxc3 55. Rc2+ Kxd4 0-1